1039 1649 1825 1357 1315 1969 1153 1004 1977 1572 1271 1803 1637 1080 1181 1556 1100 1932 1286 1765 1996 1113 1555 1148 1992 1973 1308 1088 1323 1511 1368 1726 1271 1394 1946 1158 1892 1091 1390 1979 1959 1644 1727 1212 1901 1555 1790 1738 1937 1618 1290 1824 1048 1628 1154 1819 1558 1379 1194 1334 1314 1364 1168 1164 1234 1989 1558 1706 1727 1043 1941 1994 1324 1783 1964 1614 1005 1381 1079 1280 1326 1838 1080 1489 1879 1688 1395 1318 1053 1238 1217 1295 1829 1397 1220 1222 1946 1430 1605 BCNSPRNW ULIB Ver.6.0+V

เปลี่ยนเป็นภาษาไทย

Change to English
 แสดงรายละเอียดบรรณานุกรม
  กลับหน้าหลัก

Brief Record : Get Marc (ISO 2709) : E-mail record : QR code < ปิดหน้าต่าง
LEADER : 00000nam 2200000uu 4500
001    13399122840
003     ULIB
008    131015s2545||||th 000 0 tha d
020    ^a9789744460653
090    ^aนว^bพ187พ ล.1
100 0  ^aพนมเทียน
245 10 ^aป่าโลกล้านปี เล่ม 1 (เพชรพระอุมา) /^cพนมเทียน
250    ^aพิมพ์รวมเล่มครั้งที่ 3
260    ^aกรุงเทพฯ :^bณ บ้านวรรณกรรม,^c2545
300    ^a 438 หน้า
505 00 ^a^gล.1-4^tไพรมหากาฬ --^gล.5-8^tดงมรณะ -- ^gล.9-12^tจอมผีดิบมันตรัย -- ^gล.13-16^tอาถรรพณ์นิทรานคร -- ^gล.17-20^tป่าโลกล้านปี -- ^gล.21-24^tแงซายจอมจักรา -- ^gล.25-28^tจอมพราน -- ^gล.29-32^tไอ้งาดำ -- ^gล.33-36^tจิตรางคนางค์-- ^gล.37-40^tนาคเทวี -- ^gล.41-44^tแด่ปางบรรพ์ -- ^gล.45-48^tมงกุฎไพร
650  4 ^aนวนิยายไทย
945    ^p200^l0^i034068
999    ^aเกษร โพธิ์สุวรรณ
รายการนี้ยังไม่มีแท็ก
คุณยังไม่ได้ล็อกอิน คุณสามารถมีกิจกรรมร่วมกับเว็บไซต์ได้ แต่ต้องล็อกอินก่อน ::
  ล็อกอิน

รายการสื่อสารสนเทศ

ลำดับที่ ประเภท เลขเรียก/บาร์โค้ด สถานที่ สถานะ
1. นวนิยาย
นวนิยาย
นว พ187พ ล.1  
  Barcode: 034068
ห้องสมุดวิทยาเขตสวรรค์ประชารักษ์
►นวนิยาย
บนชั้น
  ขอยืม

รายการใกล้เคียง
    ผู้แต่ง [พนมเทียน]

    หัวเรื่อง [นวนิยายไทย]

BibComment


ยังไม่เคยถูกคอมเมนท์

คอมเมนท์ทรัพยากรรายการนี้
  คอมเมนท์: ป่าโลกล้านปี เล่..


 Copyright 2026. Bcnsprnw @Library